000 00347nam a22001337a 4500
008 251118b |||||||| |||| 00| 0 eng d
020 _aO415102286
050 _aGE105
_b.P53
100 _aPickering, Kevin T.
245 _aAn Introduction To Global Environmental Issues
260 _aLondon
_bRoutlege
_c1995
300 _axxiii,389p.
942 _cBK
999 _c4511
_d4511